The Spanish-American War Quiz - Statistics

General Stats
  • This quiz has been taken 203 times
  • The average score is 10 of 19
Answer Stats
Hint Answer % Correct
Philippines
87%
Who commanded the Rough Riders? Theodore Roosevelt
84%
Which ship's sinking was a major cause of the war? U.S.S Maine
82%
Puerto Rico
80%
Which Spanish colonies were transferred to the U.S after the war? Guam
77%
And in which city were there newspapers based? New York City
75%
What was the name for newspapers' use of exaggeration to increase sales before the war? {Yellow} Journalism
74%
In what year did the war take place? 1898
69%
Who was the U.S president at the time? William McKinley
67%
And in which harbor did it explode? Havana
66%
Which non-Spanish island chain was annexed by the U.S as a result of the war? Hawaii
55%
Which decisive battle led to the fall of Santiago de Cuba? Battle of {San Juan} Hill
47%
Name one of the two people who were leading the above. Joseph Pulitzer/William Hearst
37%
Which battle in the pacific led the destruction of the Spanish navy? Battle of {Manila} Bay
34%
Which great American author famously was against imperialism after the war? Mark Twain
31%
Which jaundice causing disease devastated U.S troops in Cuba? Yellow Fever
31%
What other war involving the U.S started directly after this war? Philippine-American War
20%
Who was the King of Spain during the war? Alfonso XII
13%
What amendment declared that the U.S would not try to control Cuba? {Teller} Amendment
11%
No matching quizzes found
Score Distribution
Percent of People with Each Score
Percentile by Number Answered
Your Score History
You have not taken this quiz